Electrical And Electronic Technology / (Record no. 33815)
[ view plain ]
| 000 -LEADER | |
|---|---|
| fixed length control field | 00519nam a22002057a 4500 |
| 003 - CONTROL NUMBER IDENTIFIER | |
| control field | Nust |
| 005 - DATE AND TIME OF LATEST TRANSACTION | |
| control field | 20211015094604.0 |
| 008 - FIXED-LENGTH DATA ELEMENTS--GENERAL INFORMATION | |
| fixed length control field | 170307b xxu||||| |||| 00| 0 eng d |
| 020 ## - INTERNATIONAL STANDARD BOOK NUMBER | |
| International Standard Book Number | 978-81-317-3366-0 |
| 038 ## - RECORD CONTENT LICENSOR | |
| Staff Name | khadija |
| 040 ## - CATALOGING SOURCE | |
| Transcribing agency | c |
| 082 ## - DEWEY DECIMAL CLASSIFICATION NUMBER | |
| Classification number | 621.3 |
| Author Mark | HUG |
| 100 ## - MAIN ENTRY--PERSONAL NAME | |
| Personal name | Hiley,John |
| 9 (RLIN) | 83191 |
| 245 ## - TITLE STATEMENT | |
| Title | Electrical And Electronic Technology / |
| Statement of responsibility, etc. | Hughes and Hiley,John |
| 260 ## - PUBLICATION, DISTRIBUTION, ETC. | |
| Place of publication, distribution, etc. | New Delhi : |
| Name of publisher, distributor, etc. | Pearson , |
| Date of publication, distribution, etc. | 2013. |
| 300 ## - PHYSICAL DESCRIPTION | |
| Extent | 1008p. ; |
| Other physical details | 23 cm. |
| 500 ## - GENERAL NOTE | |
| General note | Paperback. |
| 563 ## - BINDING INFORMATION | |
| Binding note | PB |
| 942 ## - ADDED ENTRY ELEMENTS (KOHA) | |
| Koha item type | Book |
| Source of classification or shelving scheme | |
| Withdrawn status | Lost status | Source of classification or shelving scheme | Damaged status | Not for loan | Permanent Location | Current Location | Shelving location | Date acquired | Full call number | Barcode | Date last seen | Price effective from | Koha item type | Total Checkouts |
|---|---|---|---|---|---|---|---|---|---|---|---|---|---|---|
| Central Library (CL) | Central Library (CL) | 05/24/2016 | 621.3 HUG | SMME-3293 | 03/30/2018 | 05/24/2016 | Book | |||||||
| School of Mechanical & Manufacturing Engineering (SMME) | School of Mechanical & Manufacturing Engineering (SMME) | General Stacks | 05/17/2016 | 621.3 HUG | SMME-3103 | 03/30/2018 | 05/17/2016 | Book |
